| 000 | 00735nam a2200253 a 4500 | ||
|---|---|---|---|
| 001 | 35619 | ||
| 003 | BD-RjUL | ||
| 005 | 20211209052343.0 | ||
| 008 | 140528s1990 enka 001 0 eng d | ||
| 020 | _a0852643055 | ||
| 035 | _a(BD-RjUL)35714 | ||
| 040 | _cBD-RjUL | ||
| 082 |
_a519.5 _bKER 1962 |
||
| 100 | 1 |
_aKendall, Maurice G. _q(Maurice George), _d1907-1983. _9168 |
|
| 245 | 1 | 0 | _aRank correlation methods / |
| 250 | _a3th ed. / | ||
| 260 |
_aLondon : _bEdward Arnold, _cc1962 |
||
| 300 |
_avii, 260 p. ; _c24 cm |
||
| 500 | _aA Charles Griffin title | ||
| 504 | _aIncludes bibliographical references | ||
| 650 | 0 |
_aCorrelation (Statistics) _922463 |
|
| 700 | 1 |
_aGibbons, Jean Dickinson, _d1938- _926212 |
|
| 942 |
_2ddc _cBK |
||
| 999 |
_c35619 _d35619 |
||